00950nam a2200241 a 450000100100000000500170001000800410002702000180006804000250008608200200011110000490013124500940018026000400027430000210031450000550033565000280039065000280041865000310044670000580047791000380053595201180057399900170069100003880720250723150125.0100512s2002 dr r 000 0 spa d a9789993458760 aDO-SdBNPbspacBNPHU aRD861.44bD671g1 aDomínguez, Francisca Otilia,d1923-92494310aGranito de amor /cFrancisca Otilia Domínguez ; prólogo Mariano Lebrón Saviñón. aSanto Domingo :bCentenario,c2002. a126 p. ;c22 cm. aIncluye datos biográficos del autor en la solapa 0aPoesía dominicana966 0aProsa dominicana912146 0aLiteratura dominicana.9671 aLebrón Saviñon, Marianod1922-2014epról.97227 aValidado. Control de calidad. MFF 0010718PDaPDbPDcHDd2013-04-25iLF1l0oRD861.44 D671gp38807-10r2020-06-25w2020-06-25yLFPDZNo se presta c38297d38297